[Event "Washington Class Ch - Expert Section"]
[Site "Redmond, WA"]
[Date "2009.11.29"]
[Round "5"]
[White "Kalina, Chris"]
[Black "MacGregor, Michael"]
[Result "1/2-1/2"]
[WhiteElo "1954"]
[BlackElo "2167"]
[PlyCount "65"]
[EventDate "2009.11.29"]
[EventCountry "USA"]
[Source "NWChess.com"]
[SourceDate "2009.12.26"]

1. d4 Nf6 2. c4 g6 3. Nc3 d5 4. cxd5 Nxd5 5. e4 Nxc3 6. bxc3 Bg7 7. Bc4 c5 8.
Be3 O-O 9. Ne2 Nc6 10. O-O Bg4 11. f3 Na5 12. Bxf7+ Rxf7 13. fxg4 Rxf1+ 14.
Qxf1 Nc4 15. Qf3 Qb6 16. e5 Kh8 17. Bg5 cxd4 18. cxd4 Nxe5 19. Qe4 Qc6 20. d5
Qd7 21. Rb1 Nxg4 22. Qxe7 Qxd5 23. h3 Bf8 24. Qxb7 Qc5+ 25. Kh1 Re8 26. Qf7
Nf2+ 27. Kh2 Qe5+ 28. g3 Ne4 29. Bf4 Qe6 30. Qxe6 Rxe6 31. Rb8 Kg7 32. Rb7+ Re7
33. Rxe7+ 1/2-1/2

[Event "Washington Class Ch - Expert Section"]
[Site "Redmond, WA"]
[Date "2009.11.27"]
[Round "2"]
[White "Kalina, Chris"]
[Black "Szendroi, Robert"]
[Result "1/2-1/2"]
[WhiteElo "1954"]
[BlackElo "2199"]
[PlyCount "36"]
[EventDate "2009.11.29"]
[EventCountry "USA"]
[Source "NWChess.com"]
[SourceDate "2009.12.26"]

1. d4 Nf6 2. Nf3 d5 3. Bg5 Ne4 4. Bf4 Bf5 5. e3 e6 6. Be2 Bd6 7. Bxd6 cxd6 8.
c3 O-O 9. Qb3 Qe7 10. O-O Nc6 11. Nbd2 Rfc8 12. Nxe4 Bxe4 13. Nd2 Bg6 14. f4
Qc7 15. Rac1 Na5 16. Qd1 Nc4 17. Nxc4 dxc4 18. Bf3 Bd3 1/2-1/2

[Event "Washington Class Ch - Expert Section"]
[Site "Redmond, WA"]
[Date "2009.11.28"]
[Round "4"]
[White "Lee, Megan"]
[Black "Kalina, Chris"]
[Result "0-1"]
[WhiteElo "1905"]
[BlackElo "1954"]
[PlyCount "116"]
[EventDate "2009.11.29"]
[EventCountry "USA"]
[Source "NWChess.com"]
[SourceDate "2009.12.26"]

1. e4 c5 2. Nf3 d6 3. d4 cxd4 4. Nxd4 Nf6 5. Nc3 g6 6. Be2 Bg7 7. Be3 O-O 8.
O-O Nc6 9. Kh1 Bd7 10. f4 Qa5 11. Nb3 Qc7 12. Bf3 Rfc8 13. a3 Be6 14. Rf2 Rab8
15. Nb5 Qd7 16. Nxa7 Ng4 17. Bxg4 Bxg4 18. Qb1 Nxa7 19. Bxa7 Ra8 20. Bd4 e5 21.
fxe5 dxe5 22. Bc3 Qc6 23. Qe1 Ra4 24. Bb4 Rd8 25. Na5 Rxa5 26. Bxa5 Rd4 27. Bc3
Rxe4 28. Qd2 h5 29. Kg1 Qc5 30. Qd8+ Kh7 31. Bb4 Qa7 32. Qa5 Qd4 33. Qc5 Qd7
34. Rd2 Qe6 35. Qd5 Qb6+ 36. Kh1 Rf4 37. Qd6 Qb5 38. Qc5 Qa6 39. Rg1 Qf6 40.
Rd6 Qg5 41. Bd2 Bf8 42. Bxf4 Qxf4 43. Qd5 Bxd6 44. Qxd6 h4 45. Qb4 e4 46. Re1
h3 47. Kg1 f5 48. Qxb7+ Kh6 49. Qb6 hxg2 50. Qe3 Qxe3+ 51. Rxe3 Bf3 52. a4 Kg5
53. Rxf3 exf3 54. Kf2 Kf4 55. a5 Kg5 56. a6 Kh6 57. a7 Kh7 58. a8=Q g1=Q+ 0-1

[Event "Washington Class Ch - Expert Section"]
[Site "Redmond, WA"]
[Date "2009.11.27"]
[Round "2"]
[White "Lee, Nathan"]
[Black "Patterson, Roger"]
[Result "0-1"]
[WhiteElo "1985"]
[BlackElo "2190"]
[PlyCount "112"]
[EventDate "2009.11.29"]
[EventCountry "USA"]
[Source "NWChess.com"]
[SourceDate "2009.12.26"]

1. e4 c5 2. Nf3 d6 3. Bb5+ Bd7 4. Bxd7+ Qxd7 5. O-O Nf6 6. Re1 Nc6 7. c3 e6 8.
d4 cxd4 9. cxd4 d5 10. e5 Ne4 11. Nbd2 Nxd2 12. Bxd2 Be7 13. Qe2 O-O 14. Bc3
Rae8 15. Rab1 Rc8 16. a3 Rc7 17. Bd2 Rfc8 18. Qd3 Qd8 19. h3 Nb8 20. Ba5 b6 21.
Bd2 h6 22. Kh1 Nd7 23. Kg1 Nf8 24. Rbc1 Rxc1 25. Rxc1 Rxc1+ 26. Bxc1 Qc7 27.
Bd2 Qc6 28. Ne1 b5 29. Qc3 Qc4 30. Nd3 Nd7 31. f4 Kf8 32. Kf2 Nb6 33. Qxc4 dxc4
34. Nb4 Bxb4 35. Bxb4+ Ke8 36. Bc5 Na4 37. Bxa7 Nxb2 38. Ke2 Kd7 39. Bc5 h5 40.
Bb4 Kc6 41. g3 Kd5 42. Ke3 Na4 43. Ba5 g6 44. h4 Kc6 45. Be1 Nb6 46. Ba5 Nd5+
47. Kd2 Ne7 48. Bc3 Nf5 49. Ke2 Nxg3+ 50. Kf3 Nf5 51. Ke4 Nxh4 52. Be1 Nf5 53.
Bf2 Ne7 54. Bh4 Nd5 55. Be1 b4 56. axb4 Kb5 0-1

[Event "Washington Class Ch - Expert Section"]
[Site "Redmond, WA"]
[Date "2009.11.28"]
[Round "4"]
[White "Lee, Nathan"]
[Black "Xing, Kerry"]
[Result "0-1"]
[WhiteElo "1985"]
[BlackElo "2107"]
[PlyCount "104"]
[EventDate "2009.11.29"]
[EventCountry "USA"]
[Source "NWChess.com"]
[SourceDate "2009.12.26"]

1. e4 e6 2. d4 d5 3. e5 c5 4. c3 Nc6 5. Nf3 Qb6 6. a3 c4 7. Be2 f6 8. O-O fxe5
9. dxe5 Nge7 10. Re1 Ng6 11. Bf1 Bc5 12. Qc2 O-O 13. Be3 Bd7 14. Nbd2 Rf5 15.
b3 Bxe3 16. Rxe3 cxb3 17. Nxb3 Ncxe5 18. Nfd4 Rf6 19. Rae1 Ng4 20. Rf3 Raf8 21.
Rxf6 Rxf6 22. f3 N4e5 23. Kh1 Nc6 24. Nxc6 Qxc6 25. Bd3 Qd6 26. Qb2 Nf4 27. Bf1
e5 28. Nc1 b6 29. Nd3 Ng6 30. Nf2 Bf5 31. Bd3 Bxd3 32. Nxd3 Re6 33. Nf2 Re7 34.
Kg1 Qc5 35. Qb4 Rc7 36. Rc1 Qe3 37. Qb2 Nf4 38. Kf1 Nd3 39. Nxd3 Qxd3+ 40. Kg1
d4 41. Qb3+ Qc4 42. Qd1 Rc8 43. h3 dxc3 44. Qc2 b5 45. Kh1 a5 46. Rb1 b4 47.
axb4 axb4 48. Rb3 Rd8 49. Rb1 h6 50. Ra1 b3 51. Qb1 c2 52. Qe1 b2 0-1

[Event "Washington Class Ch - Expert Section"]
[Site "Redmond, WA"]
[Date "2009.11.27"]
[Round "1"]
[White "Lessler, Peter"]
[Black "May, Andy"]
[Result "1/2-1/2"]
[WhiteElo "1943"]
[BlackElo "2093"]
[PlyCount "42"]
[EventDate "2009.11.29"]
[EventCountry "USA"]
[Source "NWChess.com"]
[SourceDate "2009.12.26"]

1. d4 Nf6 2. c4 g6 3. Nc3 Bg7 4. e4 d6 5. Nf3 O-O 6. Be2 e5 7. O-O exd4 8. Nxd4
Re8 9. f3 c6 10. Kh1 Nbd7 11. Bg5 Re5 12. Bf4 Nh5 13. Bxe5 Bxe5 14. f4 Nxf4 15.
Nf3 Qe7 16. Nxe5 dxe5 17. Bg4 Nc5 18. Bxc8 Rxc8 19. Qf3 Nce6 20. Ne2 Rc7 21.
Rad1 Nc5 {remaining moves unclear} 1/2-1/2

[Event "Washington Class Ch - Expert Section"]
[Site "Redmond, WA"]
[Date "2009.11.27"]
[Round "2"]
[White "Lessler, Peter"]
[Black "Omori, Michael"]
[Result "1-0"]
[WhiteElo "1943"]
[BlackElo "1997"]
[PlyCount "101"]
[EventDate "2009.11.29"]
[EventCountry "USA"]
[Source "NWChess.com"]
[SourceDate "2009.12.26"]

1. d4 Nf6 2. c4 g6 3. Nc3 Bg7 4. e4 d6 5. Nf3 O-O 6. Be2 e5 7. O-O Na6 8. Bg5
h6 9. Bh4 Qe8 10. d5 Nh5 11. Re1 Nf4 12. Bf1 g5 13. Bg3 f5 14. exf5 Bxf5 15.
Bxf4 gxf4 16. Nd4 Bd7 17. Bd3 Qd8 18. Nf3 Bg4 19. Ne4 Rf7 20. Rc1 b6 21. Bb1
Bf8 22. Kh1 Rg7 23. a3 Be7 24. b4 Qe8 25. Qd3 Qh5 26. Nfd2 Kh8 27. c5 Rag8 28.
Qxa6 Bh3 29. g3 Bh4 30. Qd3 fxg3 31. fxg3 Be7 32. cxd6 cxd6 33. Nf2 Bc8 34. Rc7
Rf8 35. Nfe4 Rgf7 36. Rf1 Bh3 37. Rxf7 Rxf7 38. Rc1 Bg4 39. Qe3 b5 40. Rf1
Rxf1+ 41. Nxf1 Bh3 42. Qd3 Bf5 43. Nfd2 Bd8 44. Qxb5 Bb6 45. Qf1 Qg6 46. g4
Bxg4 47. Qf8+ Qg8 48. Qxh6+ Qh7 49. Qxh7+ Kxh7 50. Nf6+ Kg7 51. Nxg4 1-0

[Event "Washington Class Ch - Expert Section"]
[Site "Redmond, WA"]
[Date "2009.11.27"]
[Round "1"]
[White "Li, William"]
[Black "Wilson, Matthew"]
[Result "0-1"]
[WhiteElo "1871"]
[BlackElo "1856"]
[PlyCount "74"]
[EventDate "2009.11.29"]
[EventCountry "USA"]
[Source "NWChess.com"]
[SourceDate "2009.12.26"]

1. d4 Nf6 2. Nf3 e6 3. Bg5 c5 4. c3 cxd4 5. cxd4 Qa5+ 6. Bd2 Qb6 7. Qc2 Nc6 8.
e3 d5 9. Nc3 Be7 10. Bd3 Nb4 11. Qb1 Nxd3+ 12. Qxd3 Qxb2 13. Rb1 Qa3 14. Qb5+
Nd7 15. Ne5 a6 16. Qe2 Qd6 17. f4 Nf6 18. Na4 b5 19. Nc5 Qb6 20. Nb3 b4 21. Rc1
Bd7 22. Nc5 Bb5 23. Qf3 a5 24. f5 exf5 25. Qxf5 O-O 26. g4 Bxc5 27. Rxc5 Rad8
28. h4 Ne4 29. Rxd5 Rxd5 30. Qxe4 Rdd8 31. g5 f6 32. gxf6 Qxf6 33. Qg2 Be8 34.
Rg1 Qxh4+ 35. Ke2 Qf6 36. Ke1 Bf7 37. Qg4 Bxa2 0-1

[Event "Washington Class Ch - Expert Section"]
[Site "Redmond, WA"]
[Date "2009.11.28"]
[Round "4"]
[White "MacGregor, Michael"]
[Black "Bartron, Paul"]
[Result "1/2-1/2"]
[WhiteElo "2167"]
[BlackElo "2155"]
[PlyCount "122"]
[EventDate "2009.11.29"]
[EventCountry "USA"]
[Source "NWChess.com"]
[SourceDate "2009.12.26"]

1. e4 c5 2. Nf3 d6 3. d4 cxd4 4. Nxd4 Nf6 5. Nc3 a6 6. Bc4 e6 7. O-O b5 8. Bb3
Nbd7 9. Bxe6 fxe6 10. Nxe6 Qb6 11. Be3 Qb8 12. Nd5 Nxd5 13. exd5 Nf6 14. Bg5
Bxe6 15. Bxf6 Bf7 16. Re1+ Kd7 17. Qg4+ Kc7 18. Qf3 Be8 19. Bxg7 Bxg7 20. Re7+
Bd7 21. Rxg7 Qb6 22. Rf7 Rad8 23. b4 Qd4 24. c3 Qe5 25. h3 h5 26. a4 bxa4 27.
Rxa4 Kb6 28. Ra1 Bb5 29. Rf5 Be2 30. Qf4 Qxf4 31. Rxf4 Rc8 32. Re1 Rhe8 33. c4
Re5 34. c5+ dxc5 35. bxc5+ Rxc5 36. Rd4 Re8 37. d6 Rc2 38. f4 Rd8 39. f5 Kc5
40. Rf4 Kxd6 41. Rf2 Bd3 42. Rd1 Kc7 43. g4 hxg4 44. hxg4 Rc4 45. Rg2 Be4 46.
Rxd8 Kxd8 47. Rg3 a5 48. Kf2 Ke7 49. Rb3 Kf6 50. Ke3 Kg5 51. Rb5 a4 52. Ra5 Bc2
53. Kd2 Bb3 54. f6+ Kxf6 55. g5+ Kg6 56. Kd3 Rc6 57. Kd4 Kf7 58. Rf5+ Ke7 59.
Ra5 Kd7 60. Ra7+ Kc8 61. Ra5 Kb7 {remaining moves unavailable} 1/2-1/2

[Event "Washington Class Ch - Expert Section"]
[Site "Redmond, WA"]
[Date "2009.11.29"]
[Round "6"]
[White "MacGregor, Michael"]
[Black "Hadzic, Huso"]
[Result "0-1"]
[WhiteElo "2167"]
[BlackElo "2192"]
[PlyCount "78"]
[EventDate "2009.11.29"]
[EventCountry "USA"]
[Source "NWChess.com"]
[SourceDate "2009.12.26"]

1. e4 Nf6 2. e5 Nd5 3. Nf3 c5 4. Nc3 Nxc3 5. bxc3 d5 6. d4 Bg4 7. Rb1 Qc7 8.
Be2 e6 9. O-O Nd7 10. c4 dxc4 11. d5 exd5 12. Qxd5 Nb6 13. Qe4 Be6 14. Rd1 Be7
15. Ng5 Bxg5 16. Bxg5 O-O 17. f4 Rae8 18. Bh4 Qc8 19. Bf3 Bg4 20. Bf2 Rd8 21.
h3 Bxf3 22. Qxf3 Rxd1+ 23. Rxd1 Re8 24. Rd6 Qf5 25. Qxb7 h6 26. Rd2 Qxf4 27.
Re2 Qc1+ 28. Kh2 Qa3 29. Qc6 Re6 30. Qxc5 Qxa2 31. Qc7 Qa4 32. Rd2 Re8 33. Bxb6
axb6 34. Rd7 Qxc2 35. e6 Rxe6 36. Rd8+ Kh7 37. Qxf7 Qe4 38. Qg8+ Kg6 39. Rd7
Qf4+ 0-1

[Event "Washington Class Ch - Expert Section"]
[Site "Redmond, WA"]
[Date "2009.11.27"]
[Round "2"]
[White "MacGregor, Michael"]
[Black "Lee, Megan"]
[Result "1-0"]
[WhiteElo "2167"]
[BlackElo "1905"]
[PlyCount "57"]
[EventDate "2009.11.29"]
[EventCountry "USA"]
[Source "NWChess.com"]
[SourceDate "2009.12.26"]

1. e4 e5 2. Bc4 Bc5 3. Nf3 Nc6 4. b4 Bxb4 5. c3 Bc5 6. d4 exd4 7. cxd4 Bb4+ 8.
Nbd2 Nf6 9. d5 Ne7 10. O-O O-O 11. Rb1 Bxd2 12. Nxd2 d6 13. Bb2 Ng6 14. f4 Re8
15. Qf3 Rb8 16. Rbe1 c6 17. Qc3 b5 18. Bb3 cxd5 19. e5 Qb6+ 20. Kh1 d4 21. Qg3
Nh5 22. Qg5 Nhxf4 23. Rxf4 Nxf4 24. Qxf4 Be6 25. Bxd4 Qd8 26. Rf1 Qd7 27. exd6
Rbd8 28. Ne4 Bxb3 29. Nf6+ 1-0

[Event "Washington Class Ch - Expert Section"]
[Site "Redmond, WA"]
[Date "2009.11.29"]
[Round "5"]
[White "May, Andy"]
[Black "Breckenridge, Steven"]
[Result "1/2-1/2"]
[WhiteElo "2093"]
[BlackElo "2174"]
[PlyCount "94"]
[EventDate "2009.11.29"]
[EventCountry "USA"]
[Source "NWChess.com"]
[SourceDate "2009.12.26"]

1. e4 g6 2. d4 Bg7 3. Nc3 d6 4. Be3 Nf6 5. Nf3 c6 6. Qd2 b5 7. Bd3 Nbd7 8. Bh6
Bxh6 9. Qxh6 Qa5 10. O-O b4 11. Ne2 Bb7 12. a3 b3 13. cxb3 Rg8 14. b4 Qh5 15.
Qd2 g5 16. Ng3 Qg4 17. e5 dxe5 18. dxe5 Nd5 19. Bf5 Qf4 20. Bxd7+ Kxd7 21. Qxf4
Nxf4 22. Ne4 Ne6 23. Rfd1+ Kc7 24. Nd4 Nf4 25. Nc5 Rad8 26. Kf1 e6 27. Ndb3 Ng6
28. Na5 Bc8 29. Re1 Rd5 30. Nc4 Rgd8 31. Rac1 h5 32. Rc3 a5 33. Rf3 Rf8 34.
Rfe3 Rxc5 35. bxc5 Ba6 36. Rc3 Rb8 37. Kg1 Bxc4 38. Rxc4 Rxb2 39. g3 Rb3 40.
Re3 Rb1+ 41. Kg2 Kb8 42. Rcc3 Kc7 43. Re4 Kd7 44. Rd4+ Ke8 45. f4 Rb2+ 46. Kg1
Rb1+ 47. Kg2 Rb2+ 1/2-1/2

[Event "Washington Class Ch - Expert Section"]
[Site "Redmond, WA"]
[Date "2009.11.28"]
[Round "3"]
[White "Patterson, Roger"]
[Black "MacGregor, Michael"]
[Result "1-0"]
[WhiteElo "2190"]
[BlackElo "2167"]
[PlyCount "103"]
[EventDate "2009.11.29"]
[EventCountry "USA"]
[Source "NWChess.com"]
[SourceDate "2009.12.26"]

1. e4 e5 2. Nf3 Nc6 3. Bb5 a6 4. Ba4 Nf6 5. O-O Be7 6. Re1 b5 7. Bb3 O-O 8. c3
d5 9. exd5 Nxd5 10. Nxe5 Nxe5 11. Rxe5 c6 12. d4 Bd6 13. Re1 Qh4 14. g3 Qh3 15.
Re4 g5 16. Qf3 Bf5 17. Bxd5 cxd5 18. Re3 Rad8 19. Qxd5 Bxg3 20. Qh1 Bxf2+ 21.
Kxf2 Qh4+ 22. Rg3 f6 23. Nd2 Rde8 24. Nf3 Qe4 25. Qd1 Bg4 26. Bd2 Re6 27. Qb3
Rfe8 28. Re1 Qf5 29. Reg1 h5 30. h3 Qd3 31. Re1 Kg7 32. Rxe6 Rxe6 33. Qd1 Bxf3
34. Rxf3 Qe4 35. Re3 Qh4+ 36. Kg2 Rxe3 37. Bxe3 Qe4+ 38. Qf3 Qc2+ 39. Bf2 h4
40. d5 Qxb2 41. Qd3 g4 42. d6 g3 43. Qd4 gxf2 44. d7 f1=Q+ 45. Kxf1 Qb1+ 46.
Ke2 Qxa2+ 47. Kf3 Qc2 48. d8=Q Qf5+ 49. Ke2 Qc2+ 50. Qd2 Qe4+ 51. Qe3 Qg2+ 52.
Kd1 1-0

[Event "Washington Class Ch - Expert Section"]
[Site "Redmond, WA"]
[Date "2009.11.29"]
[Round "5"]
[White "Szendroi, Robert"]
[Black "Hadzic, Huso"]
[Result "1/2-1/2"]
[WhiteElo "2199"]
[BlackElo "2192"]
[PlyCount "29"]
[EventDate "2009.11.29"]
[EventCountry "USA"]
[Source "NWChess.com"]
[SourceDate "2009.12.26"]

1. c4 Nf6 2. Nc3 c5 3. g3 Nc6 4. Bg2 g6 5. e4 Bg7 6. Nge2 O-O 7. O-O d6 8. a3
Bd7 9. Rb1 b6 10. d3 Qc8 11. Nf4 e5 12. Nfd5 Nxd5 13. Nxd5 Be6 14. Be3 Qd7 15.
b4 1/2-1/2

[Event "Washington Class Ch - Expert Section"]
[Site "Redmond, WA"]
[Date "2009.11.29"]
[Round "6"]
[White "Wang, Michael"]
[Black "Breckenridge, Steven"]
[Result "0-1"]
[WhiteElo "1984"]
[BlackElo "2174"]
[PlyCount "120"]
[EventDate "2009.11.29"]
[EventCountry "USA"]
[Source "NWChess.com"]
[SourceDate "2009.12.26"]

1. c4 Nf6 2. Nc3 g6 3. g3 Bg7 4. Bg2 O-O 5. Nf3 d6 6. O-O Nc6 7. Rb1 e5 8. d3
h6 9. b4 Be6 10. Nd2 d5 11. b5 Ne7 12. a4 Qd7 13. Ba3 Rfe8 14. cxd5 Nexd5 15.
Nde4 Nxe4 16. Nxe4 b6 17. Qc2 Bh3 18. Rfc1 Bxg2 19. Kxg2 Qg4 20. e3 Rad8 21. h3
Qh5 22. Nc3 e4 23. Nxd5 Qf3+ 24. Kg1 exd3 25. Qxd3 Rxd5 26. Qb3 Rd2 27. Rf1 Be5
28. Qb4 Ra2 29. Bb2 Bxg3 30. Qb3 Re4 31. Rbd1 Be5 32. Rd8+ Kh7 33. Bxe5 Rxe5
34. Rd4 Rd2 35. Rg4 Rdd5 36. Qc4 Qxh3 37. Qf4 Rf5 38. Qc4 Rxf2 39. Rxf2 Rd1+
40. Rf1 Rxf1+ 41. Qxf1 Qxg4+ 42. Kh2 Qh4+ 43. Kg2 Qe4+ 44. Kh2 Kg8 45. Qh3 Qxa4
46. Qxh6 Qxb5 47. Qf4 a5 48. Qxc7 Qe2+ 49. Kh1 Qxe3 50. Qc6 Qc5 51. Qe8+ Kg7
52. Qa4 g5 53. Qa1+ f6 54. Qd1 Qc6+ 55. Kg1 a4 56. Qe2 Qc5+ 57. Kh1 a3 58. Qe6
Qc7 59. Qd5 b5 60. Qxb5 Qc1+ 0-1

[Event "Washington Class Ch - Expert Section"]
[Site "Redmond, WA"]
[Date "2009.11.27"]
[Round "2"]
[White "Wilson, Matthew"]
[Black "Bartron, Paul"]
[Result "1/2-1/2"]
[WhiteElo "1856"]
[BlackElo "2155"]
[PlyCount "52"]
[EventDate "2009.11.29"]
[EventCountry "USA"]
[Source "NWChess.com"]
[SourceDate "2009.12.26"]

1. e4 e6 2. d4 d5 3. Nc3 Nf6 4. e5 Nfd7 5. f4 c5 6. Nf3 Nc6 7. Be3 cxd4 8. Nxd4
Bc5 9. Qd2 Nxd4 10. Bxd4 Bxd4 11. Qxd4 Qb6 12. Qxb6 Nxb6 13. Nb5 Ke7 14. Bd3
Bd7 15. Nd4 Rac8 16. O-O-O g6 17. b3 Rc7 18. Kb2 a6 19. c3 Nc8 20. a4 Na7 21.
g4 Rhc8 22. Rc1 Nc6 23. g5 Nxd4 24. cxd4 Rxc1 25. Rxc1 Rxc1 26. Kxc1 a5 1/2-1/2

[Event "Washington Class Ch - Expert Section"]
[Site "Redmond, WA"]
[Date "2009.11.29"]
[Round "5"]
[White "Wilson, Matthew"]
[Black "Lee, Nathan"]
[Result "0-1"]
[WhiteElo "1856"]
[BlackElo "1985"]
[PlyCount "92"]
[EventDate "2009.11.29"]
[EventCountry "USA"]
[Source "NWChess.com"]
[SourceDate "2009.12.26"]

1. e4 c5 2. Nf3 Nc6 3. d4 cxd4 4. Nxd4 Nf6 5. Nc3 d6 6. Bc4 e6 7. Bb3 Be7 8.
O-O O-O 9. Be3 a6 10. Kh1 Qc7 11. a4 b6 12. f4 Bb7 13. f5 e5 14. Nxc6 Bxc6 15.
Qd3 h6 16. Rfd1 Qb7 17. Nd5 Nxd5 18. Bxd5 Bxd5 19. exd5 b5 20. a5 Rac8 21. b3
Qc7 22. Rdc1 Qc3 23. Qxc3 Rxc3 24. Bd2 Rc5 25. Bb4 Rxd5 26. Rd1 Rxd1+ 27. Rxd1
Rd8 28. c3 g6 29. fxg6 fxg6 30. Rf1 Rf8 31. Kg1 Rxf1+ 32. Kxf1 Kf7 33. c4 bxc4
34. bxc4 d5 35. Bc3 d4 36. Bd2 h5 37. Ke2 e4 38. h3 Bc5 39. Bg5 d3+ 40. Kd1 Bb4
41. Bf4 Ke6 42. Be3 Bxa5 43. Bc5 Bc3 44. Be3 a5 45. Bc5 a4 46. Kc1 a3 0-1

[Event "Washington Class Ch - Expert Section"]
[Site "Redmond, WA"]
[Date "2009.11.28"]
[Round "3"]
[White "Wilson, Matthew"]
[Black "May, Andy"]
[Result "0-1"]
[WhiteElo "1856"]
[BlackElo "2093"]
[PlyCount "120"]
[EventDate "2009.11.29"]
[EventCountry "USA"]
[Source "NWChess.com"]
[SourceDate "2009.12.26"]

1. e4 c5 2. Nf3 Nc6 3. d4 cxd4 4. Nxd4 Qc7 5. Nb5 Qb8 6. c4 Nf6 7. N5c3 e6 8.
Be3 d6 9. Be2 Be7 10. O-O O-O 11. Na3 b6 12. Qd2 Bb7 13. f3 Rd8 14. Nc2 Ne5 15.
f4 Neg4 16. Bf3 Nxe3 17. Nxe3 d5 18. exd5 Qxf4 19. Qe2 Bc5 20. Rae1 exd5 21.
Bxd5 Qxe3+ 22. Qxe3 Bxe3+ 23. Rxe3 Bxd5 24. Nxd5 Nxd5 25. cxd5 Rd7 26. Rd1 Kf8
27. Kf2 Rad8 28. Red3 Ke7 29. Kf3 Kd6 30. Rc3 Rc7 31. Rxc7 Kxc7 32. Rc1+ Kd7
33. Rc4 Rc8 34. Rf4 Ke7 35. Ra4 Rc7 36. Rb4 Kd6 37. Rb3 Kxd5 38. Rd3+ Ke6 39.
Re3+ Kf6 40. Re2 Rd7 41. Rc2 g6 42. h4 h5 43. g3 Kf5 44. Re2 Rd3+ 45. Kg2 a5
46. Kh3 Kf6 47. Kg2 Rd5 48. Kf3 Rf5+ 49. Kg2 b5 50. a3 Re5 51. Rc2 Ke6 52. Kf3
Kd5 53. Rc7 f6 54. Rc3 g5 55. hxg5 fxg5 56. Rd3+ Kc5 57. Rc3+ Kd4 58. Rc8 Rf5+
59. Kg2 h4 60. gxh4 gxh4 {remaining moves unavailable} 0-1

[Event "Washington Class Ch - Expert Section"]
[Site "Redmond, WA"]
[Date "2009.11.27"]
[Round "1"]
[White "Wu, Darren"]
[Black "MacGregor, Michael"]
[Result "0-1"]
[WhiteElo "1967"]
[BlackElo "2167"]
[PlyCount "52"]
[EventDate "2009.11.29"]
[EventCountry "USA"]
[Source "NWChess.com"]
[SourceDate "2009.12.26"]

1. e4 e5 2. Nf3 Nc6 3. Bb5 a6 4. Ba4 f5 5. d3 fxe4 6. dxe4 Nf6 7. O-O d6 8. Re1
Be7 9. Nc3 O-O 10. Bb3+ Kh8 11. Ng5 Qe8 12. Ne6 Bxe6 13. Bxe6 Nd4 14. Bc4 Qg6
15. Be3 Ng4 16. Bxd4 exd4 17. Qxd4 Rxf2 18. Re2 Bf6 19. Qd2 Bg5 20. Qe1 Be3 21.
Kh1 Qh6 22. h3 Qf4 23. Qg1 Rxe2 24. Rf1 Nf2+ 25. Rxf2 Rxf2 26. Nd5 Qg3 0-1

[Event "Washington Class Ch - Expert Section"]
[Site "Redmond, WA"]
[Date "2009.11.28"]
[Round "3"]
[White "Xing, Kerry"]
[Black "Hadzic, Huso"]
[Result "1-0"]
[WhiteElo "2107"]
[BlackElo "2192"]
[PlyCount "115"]
[EventDate "2009.11.29"]
[EventCountry "USA"]
[Source "NWChess.com"]
[SourceDate "2009.12.26"]

1. d4 Nf6 2. c4 e6 3. Nc3 d5 4. Nf3 Be7 5. Bg5 dxc4 6. e4 O-O 7. Bxc4 c5 8. e5
Nfd7 9. Bxe7 Qxe7 10. O-O cxd4 11. Qxd4 Nc6 12. Qe4 Qc5 13. Bd3 g6 14. Rfe1 Qb4
15. Qe2 Nc5 16. a3 Qf4 17. Bc2 b6 18. b4 Nd7 19. Rad1 Rd8 20. b5 Na5 21. Rd4
Qh6 22. Red1 Nb7 23. Be4 Rb8 24. Bc6 Nbc5 25. Ne4 Rf8 26. Nd6 Nb3 27. Rh4 Qg7
28. Nxc8 Rbxc8 29. Rxd7 Nc5 30. Rd1 Rcd8 31. Rhd4 Rxd4 32. Rxd4 Qh6 33. Qd2 Qg7
34. Qe3 h6 35. h3 Rc8 36. Nh2 Kh7 37. Ng4 Qf8 38. Nf6+ Kg7 39. Rh4 Qh8 40. Rd4
Qf8 41. Nd7 Qe7 42. Nxc5 Qxc5 43. Rd7 Qxe3 44. fxe3 a6 45. a4 axb5 46. axb5 Rb8
47. Rb7 Rxb7 48. Bxb7 g5 49. Kf2 Kg6 50. Be4+ f5 51. exf6+ Kxf6 52. Kf3 Ke5 53.
Bc6 h5 54. g3 Kf5 55. e4+ Ke5 56. Ke3 h4 57. gxh4 gxh4 58. Be8 1-0

[Event "Washington Class Ch - Expert Section"]
[Site "Redmond, WA"]
[Date "2009.11.29"]
[Round "6"]
[White "Xing, Kerry"]
[Black "May, Andy"]
[Result "1/2-1/2"]
[WhiteElo "2107"]
[BlackElo "2093"]
[PlyCount "107"]
[EventDate "2009.11.29"]
[EventCountry "USA"]
[Source "NWChess.com"]
[SourceDate "2009.12.26"]

1. d4 d5 2. c4 c6 3. Nf3 Nf6 4. Nc3 a6 5. e3 Bf5 {Here black offered a draw} 6.
Be2 e6 7. O-O Nbd7 8. b3 Bd6 9. Bb2 O-O 10. h3 Qe7 11. Nh4 Bg6 12. f4 Be4 13.
Nf3 dxc4 14. bxc4 c5 15. Ne5 Bg6 16. Bf3 Rab8 17. Qe2 cxd4 18. exd4 Ba3 19.
Rad1 Rfc8 20. Ba1 Rc7 21. c5 Bb4 22. Na4 Nxe5 23. fxe5 Nd5 24. Bxd5 exd5 25.
Nb6 Rd8 26. Rf2 Ba5 27. Na4 Qd7 28. Nb2 Rc6 29. Rdf1 Rf8 30. Nd1 Be4 31. Bc3
Bd8 32. Bb4 Be7 33. Ba5 f5 34. Qe3 Rg6 35. Nc3 f4 36. Qe1 Bd3 37. Rf3 Bxf1 38.
Qxf1 Qf5 39. Nxd5 Qd7 40. Nxe7+ Qxe7 41. Rxf4 Rxf4 42. Qxf4 Qe6 43. Qf3 Qxa2
44. Bc3 Qf7 45. Qe4 Qc7 46. Kh2 Qc6 47. d5 Qxc5 48. Bb4 Qb5 49. e6 Qe8 50. Qf4
h6 51. Qc7 b5 52. Qd7 Rxg2+ 53. Kxg2 Qg6+ 54. Kf3 1/2-1/2

[Event "Washington Class Ch - Expert Section"]
[Site "Redmond, WA"]
[Date "2009.11.29"]
[Round "5"]
[White "Xing, Kerry"]
[Black "Patterson, Roger"]
[Result "1-0"]
[WhiteElo "2107"]
[BlackElo "2190"]
[PlyCount "57"]
[EventDate "2009.11.29"]
[EventCountry "USA"]
[Source "NWChess.com"]
[SourceDate "2009.12.26"]

1. d4 f5 2. g3 Nf6 3. Bg2 g6 4. Nf3 Bg7 5. O-O O-O 6. c4 d6 7. Nc3 Qe8 8. d5 c6
9. Be3 Na6 10. Qd2 Bd7 11. Bh6 Nc5 12. Bxg7 Kxg7 13. Qd4 Kg8 14. Nd2 Qf7 15.
Rae1 cxd5 16. cxd5 a5 17. f4 b5 18. Rc1 b4 19. Nd1 Bb5 20. Re1 Nfd7 21. Nf2 Qf6
22. Nf3 Ba6 23. Rcd1 Rac8 24. b3 Qxd4 25. Nxd4 Bb7 26. e4 fxe4 27. Nxe4 Nf6 28.
Nxc5 Rxc5 29. Ne6 1-0

[Event "Washington Class Ch - A Section"]
[Site "Redmond, WA"]
[Date "2009.11.29"]
[Round "6"]
[White "Brewster, Robert"]
[Black "Coloma, Limuel"]
[Result "0-1"]
[WhiteElo "1961"]
[BlackElo "1863"]
[PlyCount "74"]
[EventDate "2009.11.29"]
[EventCountry "USA"]
[Source "NWChess.com"]
[SourceDate "2009.12.26"]

1. d4 g6 2. c4 Bg7 3. e4 c5 4. d5 d6 5. Nc3 Nf6 6. f3 O-O 7. Be3 a6 8. Qd2 b5
9. cxb5 Qa5 10. bxa6 Bxa6 11. Bxa6 Rxa6 12. Nge2 Nbd7 13. O-O Rb8 14. Rfb1 Nb6
15. b3 Ne8 16. a4 Nc7 17. h4 Nd7 18. h5 Rab6 19. hxg6 hxg6 20. Ra3 R6b7 21. Na2
Qa8 22. a5 c4 23. Nec1 Nc5 24. Bxc5 dxc5 25. Qc2 Nb5 26. Ra4 cxb3 27. Nxb3 Nd4
28. Qxc5 Nxb3 29. Rxb3 Rxb3 30. Qxe7 Rb1+ 31. Kh2 R8b7 32. Qc5 Be5+ 33. f4
Bxf4+ 34. g3 R1b2+ 35. Kh3 Rc7 36. Qd4 Qc8+ 37. g4 Rh2# 0-1

[Event "Washington Class Ch - A Section"]
[Site "Redmond, WA"]
[Date "2009.11.28"]
[Round "3"]
[White "Caluza, Severo"]
[Black "Fryberg, Skylor"]
[Result "0-1"]
[WhiteElo "1800"]
[BlackElo "1884"]
[PlyCount "44"]
[EventDate "2009.11.29"]
[EventCountry "USA"]
[Source "NWChess.com"]
[SourceDate "2009.12.26"]

1. c4 Nf6 2. Nc3 g6 3. e4 d6 4. d4 Bg7 5. h3 O-O 6. Nf3 e5 7. dxe5 dxe5 8. Qxd8
Rxd8 9. Bg5 c6 10. Be2 h6 11. Bh4 Re8 12. O-O Na6 13. Bg3 Nc5 14. Bxe5 Nfxe4
15. Nxe4 Nxe4 16. Bxg7 Kxg7 17. Rfe1 c5 18. Rad1 Be6 19. Bd3 Nf6 20. b3 Rad8
21. Bc2 Rxd1 22. Rxd1 Bc8 {unclear scoresheet} 0-1